Biblioteki w międzywojennym Gdańsku

Bibliographic Details
Main Author: Andrzejewski, Marek (Author)
Format: Book
Language:Polish
PhysicalDescription:61 s. 20 cm
Published: Gdańsk Marpress 1995
ISBN:8385349502
Subjects:

MARC

LEADER 00000nam a2200000 a 4500
001 vtls001221925
003 SK-MaSNL
005 20260301154547.0
008 240313s1995 PL a 0 pol
020 |a 8385349502  |c [20,00] 
035 |a SNK000167268 
040 |a SNK  |b slo  |c SNK  |e AACR2 
044 |a PL 
080 |a 026/027(438-21)"1918/1939"  |2 1981 
100 1 |a Andrzejewski, Marek  |4 aut  |9 517627 
245 1 |a Biblioteki w międzywojennym Gdańsku  |c Marek Andrzejewski 
260 |a Gdańsk  |b Marpress  |c 1995 
300 |a 61 s.  |c 20 cm 
648 7 |a 1918-1939  |2 SNK  |9 283412 
650 0 7 |a knižnice  |2 SNKPH  |9 17965 
650 0 7 |a dejiny knižníc  |2 SNKPH  |9 60304 
651 7 |a Gdansk (Poľsko)  |2 SNKPHgeo  |9 30235 
919 |a 83-85349-50-2 
999 |c 797263  |d 799193 
952 |t P60, <04>, [BOOK], {604}  |a SNK  |b SNK  |y VYP  |7 0  |p 17A0011938  |o snkID 95894  |i snkV 1703/96  |0 0  |1 0  |4 0  |d 1996-10-02  |l 0  |r 2005-01-01 00:00:00  |w 2026-02-24 
952 |t P60, <04>, [BOOK], {604}  |a SNK  |b SNK  |y VYP  |7 0  |p 17A0112178  |o snkID 95894 D1  |i snkV 2907/97  |0 0  |1 1  |4 0  |d 1997-12-10  |l 0  |r 2005-01-01 00:00:00  |w 2026-02-24